Communes des Yvelines (78) de plus de 10000 habitants - Statistiques

Statistiques générales
  • Ce quiz a été pris 128 fois
  • Le résultat moyen est 21 sur 42
Statistiques - réponses
Habitants Communes % Correct
83918 (préfecture) Versailles
99%
44246 Mantes-la-Jolie
87%
27145 Rambouillet
86%
34276 Trappes
86%
45826 Saint-Germain-en-Laye
84%
40792 Poissy
78%
34151 Les Mureaux
77%
31971 Plaisir
77%
26348 Elancourt
70%
51570 Sartrouville
67%
32150 Montigny-le-Bretonneux
65%
21874 Mantes-la-Ville
64%
29758 Guyancourt
62%
33617 Houilles
59%
20451 Saint-Cyr-l'Ecole
54%
36306 Conflans-Sainte-Honorine
52%
30054 Chatou
51%
22855 Maisons-Laffitte
49%
15712 Le Vésinet
48%
21663 Achères
45%
16619 Marly-le-Roi
45%
15858 Le Pecq
43%
19960 Maurepas
43%
31064 Le Chesnay-Rocquencourt
42%
22481 Vélizy-Villacoublay
42%
16943 Viroflay
42%
15002 Carrières-sur-Seine
41%
20440 La Celle-Saint-Cloud
41%
16940 Les Clayes-sous-Bois
39%
10580 Croissy-sur-Seine
38%
12540 Aubergenville
35%
14606 Montesson
35%
10740 Voisins-le-Bretonneux
35%
19951 Carrières-sous-Poissy
33%
10793 Chanteloup-les-Vignes
33%
16225 Bois-d'Arcy
32%
16112 Verneuil-sur-Seine
32%
17584 Limay
30%
11568 Villepreux
29%
13640 Fontenay-le-Fleury
28%
12386 Triel-sur-Seine
28%
13663 Andrésy
26%
Aucun quiz correspondant
Distribution des résultats
% des personnes avec chaque résultat
Percentile par nombre de réponses
Votre historique - résultats
Vous n’avez pas pris ce quiz